000 00712nam a2200289Ia 4500
005 20260324120520.0
008 008 260324s9999 xx 000 0 eng d
020 _a9781003235712
037 _aEBOOK
040 _aCRL
040 _beng
040 _cCRL
041 _2eng
041 _aeng
084 _qCRL
100 _aChristine Fonseca
_91142816
245 0 _aI'm Not Just Gifted
245 0 _bSocial-Emotional Curriculum for Guiding Gifted Children (Grades 4-7)
260 _bTaylor and Francis
260 _c2015
365 _a
365 _b89.99
856 _uhttp://www.taylorfrancis.com/books/9781003235712
942 _cEBOOK
999 _c1750454
_d1750454